| 000 | 02782nam a2200337 i 4500 | ||
|---|---|---|---|
| 001 | 000017638 | ||
| 003 | DO-SdBNP | ||
| 005 | 20260401081646.0 | ||
| 007 | ta | ||
| 008 | 100329s1978 dr 000 0 spa d | ||
| 040 |
_aDO-SdBNP _bspa _cBNPHU _erda |
||
| 041 | _aspa | ||
| 082 | 4 |
_aRD864.44 _bG463a _222 |
|
| 100 | 1 |
_aGil, Orlando, _d1949- _eautor _4aut. _924925 |
|
| 245 | 1 | 0 |
_aAntología de una pasión / _cOrlando Gil. |
| 250 | _aprimera edición | ||
| 264 | 1 |
_aSanto Domingo : _bLozano, _c1978. |
|
| 300 |
_a275 páginas ; _c21 cm. |
||
| 336 |
_atexto _btxt _2rdacontent |
||
| 337 |
_asin mediación _bn _2rdamedia |
||
| 338 |
_avolumen _bnc _2rdacarrier |
||
| 500 | _aIncluye datos biográficos del autor. | ||
| 500 | _aIncluye referencias bibliográficas y notas al pie de las páginas. | ||
| 505 | 2 |
_aDedicatoria -- _tEpígrafes -- _tAntología de una pasión -- _t Ensayos -- _tDesde el corazón de Neruda -- _tLiteratura : ¿ Creación o revelación? -- _t"Un habla dulce, la más dulce del mundo" -- _tLa responsabilidad del escritor -- _tAnotaciones al margen de un documento -- _tErnest Hemingway o la exaltación del hombre común -- _tLa permanencia de los valores literarios -- _tLa patria como verso y preocupación -- _t La lengua como instrumento personal del escritor -- _tEl amor como aliento de lo extraordinario -- _tAndrés Requena o los enemigos de la tierra -- _tFabio Fiallo, poeta de excepción -- _tSe necesita el libro -- _tEl país y la novelística alemana contemporánea -- _tNotas personales -- _t Recapitulando en el tiempo -- _tDon Pedro Mir -- _tLo que nos pide el poeta desde la tumba -- _tPedro Henríquez Ureña: acreedor al máximo reconocimiento de este pueblo -- _t Los poetas de la patria -- _tUn apoyo injustificable y sin razón -- _tEl paraíso no ha sido destruido -- _tDiario de lecturas -- _tLa quémate ocurrencia del doctor Zaglul -- _tEl masacre de la novela dominicana -- _tUn microscopio de lo cotidiano -- _t Los niños y el fascinante mundo de nuestros indígenas -- _t"La guaracha del macho Camacho -- _tSegunda campaña de Santo Domingo -- _tJuan, Salvador de las gaviotas -- _t Las segundas intenciones literarias -- _tSábado de sol después de las lluvias -- _tDos libros y una misma realidad -- _tTodos los parques no son un paraíso -- _tOficio de post-muerte -- _tLa soltería en la historia dominicana -- _t El despropósito de unos cuentos -- _t La tía Julia y el escribidor -- _tReconocimiento de los recursos naturales de la República Dominicana.// |
|
| 590 | _aInventariado, 2021 / DG | ||
| 650 | 4 |
_aEnsayos dominicanos _965 |
|
| 650 | 4 |
_aLiteratura dominicana. _967 |
|
| 650 | 4 |
_aAutores latinoamericanos _xCrítica e interpretación _922865 |
|
| 910 | _aValidado. Control de calidad EMS | ||
| 942 |
_2ddc _cLBS1 |
||
| 999 |
_c17163 _d17163 |
||